<?xml version="1.0" encoding="UTF-8"?>
<record
    xmlns:xsi="http://www.w3.org/2001/XMLSchema-instance"
    xsi:schemaLocation="http://www.loc.gov/MARC21/slim http://www.loc.gov/standards/marcxml/schema/MARC21slim.xsd"
    xmlns="http://www.loc.gov/MARC21/slim">

  <leader>01763    a2200217   4500</leader>
  <controlfield tag="001">134293</controlfield>
  <controlfield tag="003">OSt</controlfield>
  <controlfield tag="005">20210921102635.0</controlfield>
  <controlfield tag="008">                                        </controlfield>
  <datafield tag="020" ind1=" " ind2=" ">
    <subfield code="a">8181431480</subfield>
  </datafield>
  <datafield tag="082" ind1=" " ind2=" ">
    <subfield code="a">891.43</subfield>
    <subfield code="b">S77S</subfield>
  </datafield>
  <datafield tag="100" ind1="1" ind2=" ">
    <subfield code="a">&#x91C;&#x948;&#x928;, &#x935;&#x940;&#x930;&#x947;&#x928;&#x94D;&#x926;&#x94D;&#x930;</subfield>
  </datafield>
  <datafield tag="245" ind1="1" ind2=" ">
    <subfield code="a">&#x938;&#x930;&#x94D;&#x935;&#x947;&#x936;&#x94D;&#x935;&#x930;&#x926;&#x92F;&#x93E;&#x932; &#x938;&#x915;&#x94D;&#x938;&#x947;&#x928;&#x93E; &#x917;&#x94D;&#x930;&#x902;&#x925;&#x93E;&#x935;&#x932;&#x940;</subfield>
    <subfield code="c">by &#x935;&#x940;&#x930;&#x947;&#x928;&#x94D;&#x926;&#x94D;&#x930; &#x91C;&#x948;&#x928;</subfield>
  </datafield>
  <datafield tag="260" ind1=" " ind2=" ">
    <subfield code="a">&#x928;&#x908; &#x926;&#x93F;&#x932;&#x94D;&#x932;&#x940;</subfield>
    <subfield code="b">&#x935;&#x93E;&#x923;&#x940; &#x92A;&#x94D;&#x930;&#x915;&#x93E;&#x936;&#x928;</subfield>
    <subfield code="c">2004</subfield>
  </datafield>
  <datafield tag="300" ind1=" " ind2=" ">
    <subfield code="a">9v. (v.1:416; v.2:415; v.3:456; v.4:424; v.5:420; v.6:448; v.7:404; v.8:448; v.9:463p.)</subfield>
  </datafield>
  <datafield tag="500" ind1=" " ind2=" ">
    <subfield code="a">8022 v.1; 8023 v.2; 8024 v.3; 8025 v.4; 8026 v.5; 8027 v.6; 8028 v.7; 8029 v.8; 8030 v.9</subfield>
  </datafield>
  <datafield tag="500" ind1=" " ind2=" ">
    <subfield code="a">&#x916;&#x902;&#x921; 1- &#x915;&#x935;&#x93F;&#x924;&#x93E;&#x90F;&#x901; 1949-1969; &#x916;&#x902;&#x921; 2- &#x915;&#x935;&#x93F;&#x924;&#x93E;&#x90F;&#x901; 1969-1983; &#x916;&#x902;&#x921; 3- &#x928;&#x93E;&#x91F;&#x915;, &#x92C;&#x93E;&#x932; &#x928;&#x93E;&#x91F;&#x915;, &#x909;&#x92A;&#x928;&#x94D;&#x92F;&#x93E;&#x938;; &#x916;&#x902;&#x921; 4- &#x915;&#x939;&#x93E;&#x928;&#x93F;&#x92F;&#x93E;&#x901;, &#x938;&#x94D;&#x92E;&#x943;&#x924;&#x93F; &#x915;&#x925;&#x93E;&#x90F;&#x901;, &#x92C;&#x93E;&#x932; &#x915;&#x925;&#x93E;&#x90F;&#x901;; &#x916;&#x902;&#x921; 5- &#x905;&#x938;&#x902;&#x915;&#x932;&#x93F;&#x924;, &#x92C;&#x93E;&#x932;, &#x938;&#x902;&#x92A;&#x93E;&#x926;&#x93F;&#x924;, &#x905;&#x928;&#x942;&#x926;&#x93F;&#x924; &#x915;&#x935;&#x93F;&#x924;&#x93E;&#x90F;&#x901; &#x914;&#x930; &#x909;&#x92A;&#x928;&#x94D;&#x92F;&#x93E;&#x938;; &#x916;&#x902;&#x921; 6- &#x92F;&#x93E;&#x924;&#x94D;&#x930;&#x93E;&#x935;&#x943;&#x924;&#x94D;&#x924;, &#x938;&#x93E;&#x939;&#x93F;&#x924;&#x94D;&#x92F;&#x93F;&#x915;, &#x930;&#x902;&#x917;&#x92E;&#x902;&#x91A;, &#x928;&#x943;&#x924;&#x94D;&#x92F;, &#x938;&#x902;&#x917;&#x940;&#x924; &#x914;&#x930; &#x938;&#x92E;-&#x938;&#x93E;&#x92E;&#x92F;&#x93F;&#x915; &#x906;&#x932;&#x947;&#x916;, &#x916;&#x902;&#x921; 7- &#x938;&#x92E;&#x940;&#x915;&#x94D;&#x937;&#x93E;&#x90F;&#x901;, &#x936;&#x94D;&#x930;&#x926;&#x94D;&#x927;&#x93E;&#x902;&#x91C;&#x932;&#x93F;, &#x938;&#x902;&#x92A;&#x93E;&#x926;&#x915;&#x940;&#x92F; &#x914;&#x930; &#x905;&#x928;&#x94D;&#x92F; &#x906;&#x932;&#x947;&#x916;; &#x916;&#x902;&#x921; 8- &#x91A;&#x930;&#x91A;&#x947; &#x914;&#x930; &#x91A;&#x930;&#x916;&#x947; 1971-1976; &#x916;&#x902;&#x921; 9- &#x91A;&#x930;&#x91A;&#x947; &#x914;&#x930; &#x91A;&#x930;&#x916;&#x947; 1977-1982</subfield>
  </datafield>
  <datafield tag="630" ind1=" " ind2=" ">
    <subfield code="a">&#x939;&#x93F;&#x928;&#x94D;&#x926;&#x940; &#x938;&#x93E;&#x939;&#x93F;&#x924;&#x94D;&#x92F;</subfield>
  </datafield>
  <datafield tag="690" ind1=" " ind2=" ">
    <subfield code="a">&#x938;&#x915;&#x94D;&#x938;&#x947;&#x928;&#x93E;, &#x938;&#x930;&#x94D;&#x935;&#x947;&#x936;&#x94D;&#x935;&#x930;&#x926;&#x92F;&#x93E;&#x932; - &#x917;&#x94D;&#x930;&#x902;&#x925;&#x93E;&#x935;&#x932;&#x940;</subfield>
  </datafield>
  <datafield tag="942" ind1=" " ind2=" ">
    <subfield code="2">ddc</subfield>
    <subfield code="c">BK</subfield>
  </datafield>
  <datafield tag="999" ind1=" " ind2=" ">
    <subfield code="c">7951</subfield>
    <subfield code="d">7951</subfield>
  </datafield>
  <datafield tag="952" ind1=" " ind2=" ">
    <subfield code="0">0</subfield>
    <subfield code="1">0</subfield>
    <subfield code="4">0</subfield>
    <subfield code="7">0</subfield>
    <subfield code="8">TXB</subfield>
    <subfield code="a">CURAJ</subfield>
    <subfield code="b">CURAJ</subfield>
    <subfield code="d">2012-10-09</subfield>
    <subfield code="e">HND</subfield>
    <subfield code="g">0.00</subfield>
    <subfield code="o">891.43 S77S</subfield>
    <subfield code="p">8029</subfield>
    <subfield code="r">2024-11-21</subfield>
    <subfield code="w">2020-09-02</subfield>
    <subfield code="y">BK</subfield>
  </datafield>
  <datafield tag="952" ind1=" " ind2=" ">
    <subfield code="0">0</subfield>
    <subfield code="1">0</subfield>
    <subfield code="4">0</subfield>
    <subfield code="7">0</subfield>
    <subfield code="8">TXB</subfield>
    <subfield code="a">CURAJ</subfield>
    <subfield code="b">CURAJ</subfield>
    <subfield code="d">2012-10-09</subfield>
    <subfield code="e">HND</subfield>
    <subfield code="g">0.00</subfield>
    <subfield code="o">891.43 S77S</subfield>
    <subfield code="p">8028</subfield>
    <subfield code="r">2024-11-21</subfield>
    <subfield code="w">2020-09-02</subfield>
    <subfield code="y">BK</subfield>
  </datafield>
  <datafield tag="952" ind1=" " ind2=" ">
    <subfield code="0">0</subfield>
    <subfield code="1">0</subfield>
    <subfield code="4">0</subfield>
    <subfield code="7">0</subfield>
    <subfield code="8">TXB</subfield>
    <subfield code="a">CURAJ</subfield>
    <subfield code="b">CURAJ</subfield>
    <subfield code="d">2012-10-09</subfield>
    <subfield code="e">HND</subfield>
    <subfield code="g">0.00</subfield>
    <subfield code="o">891.43 S77S</subfield>
    <subfield code="p">8027</subfield>
    <subfield code="r">2024-11-21</subfield>
    <subfield code="w">2020-09-02</subfield>
    <subfield code="y">BK</subfield>
  </datafield>
  <datafield tag="952" ind1=" " ind2=" ">
    <subfield code="0">0</subfield>
    <subfield code="1">0</subfield>
    <subfield code="4">0</subfield>
    <subfield code="7">0</subfield>
    <subfield code="8">TXB</subfield>
    <subfield code="a">CURAJ</subfield>
    <subfield code="b">CURAJ</subfield>
    <subfield code="d">2012-10-09</subfield>
    <subfield code="e">HND</subfield>
    <subfield code="g">0.00</subfield>
    <subfield code="o">891.43 S77S</subfield>
    <subfield code="p">8026</subfield>
    <subfield code="r">2024-11-21</subfield>
    <subfield code="w">2020-09-02</subfield>
    <subfield code="y">BK</subfield>
  </datafield>
  <datafield tag="952" ind1=" " ind2=" ">
    <subfield code="0">0</subfield>
    <subfield code="1">0</subfield>
    <subfield code="4">0</subfield>
    <subfield code="7">0</subfield>
    <subfield code="8">TXB</subfield>
    <subfield code="a">CURAJ</subfield>
    <subfield code="b">CURAJ</subfield>
    <subfield code="d">2012-10-09</subfield>
    <subfield code="e">HND</subfield>
    <subfield code="g">0.00</subfield>
    <subfield code="o">891.43 S77S</subfield>
    <subfield code="p">8025</subfield>
    <subfield code="r">2024-11-21</subfield>
    <subfield code="w">2020-09-02</subfield>
    <subfield code="y">BK</subfield>
  </datafield>
  <datafield tag="952" ind1=" " ind2=" ">
    <subfield code="0">0</subfield>
    <subfield code="1">0</subfield>
    <subfield code="4">0</subfield>
    <subfield code="7">0</subfield>
    <subfield code="8">TXB</subfield>
    <subfield code="a">CURAJ</subfield>
    <subfield code="b">CURAJ</subfield>
    <subfield code="d">2012-10-09</subfield>
    <subfield code="e">HND</subfield>
    <subfield code="g">0.00</subfield>
    <subfield code="l">11</subfield>
    <subfield code="o">891.43 S77S</subfield>
    <subfield code="p">8024</subfield>
    <subfield code="r">2025-12-09</subfield>
    <subfield code="s">2025-11-25</subfield>
    <subfield code="w">2020-09-02</subfield>
    <subfield code="y">BK</subfield>
  </datafield>
  <datafield tag="952" ind1=" " ind2=" ">
    <subfield code="0">0</subfield>
    <subfield code="1">0</subfield>
    <subfield code="4">0</subfield>
    <subfield code="7">0</subfield>
    <subfield code="8">TXB</subfield>
    <subfield code="a">CURAJ</subfield>
    <subfield code="b">CURAJ</subfield>
    <subfield code="d">2012-10-09</subfield>
    <subfield code="e">HND</subfield>
    <subfield code="g">0.00</subfield>
    <subfield code="l">1</subfield>
    <subfield code="o">891.43 S77S</subfield>
    <subfield code="p">8023</subfield>
    <subfield code="r">2024-11-21</subfield>
    <subfield code="s">2022-01-06</subfield>
    <subfield code="w">2020-09-02</subfield>
    <subfield code="y">BK</subfield>
  </datafield>
  <datafield tag="952" ind1=" " ind2=" ">
    <subfield code="0">0</subfield>
    <subfield code="1">0</subfield>
    <subfield code="4">0</subfield>
    <subfield code="7">0</subfield>
    <subfield code="8">TXB</subfield>
    <subfield code="a">CURAJ</subfield>
    <subfield code="b">CURAJ</subfield>
    <subfield code="d">2012-10-09</subfield>
    <subfield code="e">HND</subfield>
    <subfield code="g">8000.00</subfield>
    <subfield code="o">891.43 S77S</subfield>
    <subfield code="p">8022</subfield>
    <subfield code="r">2024-11-21</subfield>
    <subfield code="w">2020-09-02</subfield>
    <subfield code="y">BK</subfield>
  </datafield>
  <datafield tag="952" ind1=" " ind2=" ">
    <subfield code="0">0</subfield>
    <subfield code="1">0</subfield>
    <subfield code="4">0</subfield>
    <subfield code="7">0</subfield>
    <subfield code="8">TXB</subfield>
    <subfield code="a">CURAJ</subfield>
    <subfield code="b">CURAJ</subfield>
    <subfield code="d">2012-10-09</subfield>
    <subfield code="e">HND</subfield>
    <subfield code="g">0.00</subfield>
    <subfield code="o">891.43 S77S</subfield>
    <subfield code="p">8030</subfield>
    <subfield code="r">2024-11-21</subfield>
    <subfield code="w">2020-09-02</subfield>
    <subfield code="y">BK</subfield>
  </datafield>
</record>
